IZ*ONE - Toutes les chansons - Statistiques

Statistiques générales
  • Ce quiz a été pris 5 fois
  • Le résultat moyen est 20 sur 61
Statistiques - réponses
Hint Réponse % Correct
Color*Iz 3 La vie en rose
100%
Twelve 8 La vie en rose - Japanese Version
100%
One-reeler / Act IV 2 Panorama
100%
Twelve 5 Buenos Aires
75%
Bloom*Iz 2 Fiesta
75%
Twelve 10 Fiesta - Japanese Version
75%
Bloom*Iz 6 Spaceship
75%
Heart*Iz 2 Violeta
75%
Twelve 9 Violeta - Japanese Version
75%
Twelve 1 Beware
50%
One-reeler / Act IV 1 Mise-en-Scène
50%
Oneiric Diary 2 Secret Story of the Swan
50%
Oneiric Diary 7 Secret Story of the Swan (Japanese Ver.)
50%
Twelve 2 Vampire
50%
Heart*Iz 5 Airplane
25%
Bloom*Iz 4 Ayayaya
25%
Color*Iz 1 Colors
25%
Bloom*Iz 9 Daydream
25%
Singles 2021 D-D-DANCE
25%
Bloom*Iz 7 Destiny
25%
Bloom*Iz 3 Dreamlike
25%
Bloom*Iz 1 Eyes
25%
Heart*Iz 8 Gokigen Sayonara
25%
Heart*Iz 1 Hey. Bae. Like It
25%
Heart*Iz 3 Highlight
25%
One-reeler / Act IV 3 Islande
25%
Color*Iz 4 Memory
25%
Oneiric Diary 4 Merry-Go-Round
25%
Oneiric Diary 8 Merry-Go-Round (Japanese Ver.)
25%
Heart*Iz 7 Neko ni Naritai
25%
Color*Iz 2 O'My!
25%
Bloom*Iz 12 Open Your Eyes
25%
One-reeler / Act IV 5 O Sole Mio
25%
Bloom*Iz 10 Pink Blusher
25%
Oneiric Diary 3 Pretty
25%
Heart*Iz 4 Really Like You
25%
One-reeler / Act IV 4 Sequence
25%
Twelve 13 Shy Boy
25%
One-reeler / Act IV 6 Slow Journey (느린 여행)
25%
Bloom*Iz 5 So Curious
25%
Bloom*Iz 11 Someday
25%
Color*Iz 6 Suki ni Nacchau Darō?
25%
Twelve 6 Suki ni Nacchau Darō? (好きになっちゃうだろう?)
25%
Suki to Iwasetai (好きと言わせたい) 1 Suki to Iwasetai (好きと言わせたい)
25%
Twelve 3 Suki to Iwasetai (好きと言わせたい)
25%
Heart*Iz 6 Up
25%
Twelve 4 Waiting
25%
Oneiric Diary 1 Welcome (Intro)
25%
Color*Iz 5 We Together
25%
Bloom*Iz 8 You & I
25%
Color*Iz 7 Yume wo Miteiru Aida
25%
Twelve 7 Yummy Summer
25%
Collaborations 2021 ZERO:ATTITUDE de Soyou (feat. pH-1)
25%
Suki to Iwasetai (好きと言わせたい) 5 ダンスを思い出すまで (Dance wo Omoidasumade)
0%
Twelve 12 Dō Sureba Ii? (どうすればいい?)
0%
Suki to Iwasetai (好きと言わせたい) 3 ご機嫌サヨナラ (Gokigen Sayonara)
0%
Suki to Iwasetai (好きと言わせたい) 2 ケンチャナヨ (Gwaen Chanha Yo)
0%
Suki to Iwasetai (好きと言わせたい) 4 猫になりたい (Neko ni Naritai)
0%
Oneiric Diary 5 Rococo
0%
Oneiric Diary 6 With*One
0%
Twelve 11 Yume o Miteiru Aida (夢を見ている間)
0%
Aucun quiz correspondant
Distribution des résultats
% des personnes avec chaque résultat
Percentile par nombre de réponses
Votre historique - résultats
Vous n’avez pas pris ce quiz